<?xml version="1.0" encoding="UTF-8"?><?xml-stylesheet type="text/xsl" href="static/style.xsl"?><OAI-PMH xmlns="http://www.openarchives.org/OAI/2.0/" xmlns:xsi="http://www.w3.org/2001/XMLSchema-instance" xsi:schemaLocation="http://www.openarchives.org/OAI/2.0/ http://www.openarchives.org/OAI/2.0/OAI-PMH.xsd"><responseDate>2026-04-13T05:02:30Z</responseDate><request verb="GetRecord" identifier="oai:www.recercat.cat:2072/396212" metadataPrefix="marc">https://recercat.cat/oai/request</request><GetRecord><record><header><identifier>oai:recercat.cat:2072/396212</identifier><datestamp>2025-04-08T00:12:29Z</datestamp><setSpec>com_2072_98</setSpec><setSpec>col_2072_378192</setSpec></header><metadata><record xmlns="http://www.loc.gov/MARC21/slim" xmlns:dcterms="http://purl.org/dc/terms/" xmlns:xsi="http://www.w3.org/2001/XMLSchema-instance" xmlns:doc="http://www.lyncode.com/xoai" xsi:schemaLocation="http://www.loc.gov/MARC21/slim http://www.loc.gov/standards/marcxml/schema/MARC21slim.xsd">
   <leader>00925njm 22002777a 4500</leader>
   <datafield ind2=" " ind1=" " tag="042">
      <subfield code="a">dc</subfield>
   </datafield>
   <datafield ind2=" " ind1=" " tag="720">
      <subfield code="a">Fullana, Miguel</subfield>
      <subfield code="e">author</subfield>
   </datafield>
   <datafield ind2=" " ind1=" " tag="260">
      <subfield code="c">2007</subfield>
   </datafield>
   <datafield ind2=" " ind1=" " tag="520">
      <subfield code="a">El concepte de personalitat defineix la tendència a respondre amb un determinat patró davant situacions semblants. Psicòlegs investigadors de la UAB han dut les nostres personalitats al laboratori per estudiar-les. En el seu últim estudi han analitzat el reflex d'ensurt, una resposta neurofisiològica que es dispara davant un estímul abrupte i sobtat. A continuació els seus resultats.</subfield>
   </datafield>
   <datafield ind2=" " ind1=" " tag="520">
      <subfield code="a">El concepto de personalidad define la tendencia de responder con undeterminado patrón de conducta a situaciones parecidas. Psicólogosinvestigadores de la UAB han llevado nuestras personalidades allaboratorio para estudiarlas. En su último estudio han analizado el reflejodel sobresalto, una respuesta neurofisiológica que se dispara ante unestímulo abrupto y repentino. A continuación sus resultados</subfield>
   </datafield>
   <datafield ind2="0" ind1="0" tag="245">
      <subfield code="a">La nostra personalitat, en un tub d'assaig</subfield>
   </datafield>
</record></metadata></record></GetRecord></OAI-PMH>